Basic Knowledge of Aerodynamics - Statistics

General Stats
  • This quiz has been taken 36 times
  • The average score is 6 of 11
Answer Stats
Hint Answer % Correct
Force 1 Lift
97%
Force 4 Drag
90%
Force 3 Thrust
90%
Force 2 Weight
77%
Airplane wingsflatter on the...? Bottom
55%
Airplane wings are curved on....? Top
55%
Definition of Weight Weight is Gravity
39%
Definition of Lift The push that lets something up
19%
Definiton of Drag Force that pulls back on something trying to move
16%
Definition of Thrust The push that moves something forward
16%
Definition The study of how air moves around things
13%
No matching quizzes found
Score Distribution
Percent of People with Each Score
Percentile by Number Answered
Your Score History
You have not taken this quiz